Don Miguel Moya : (Record no. 109045)

MARC details
000 -LEADER
campo de control de longitud fija 01059nam a2200277 i 4500
001 - NÚMERO DE CONTROL
campo de control 109045
003 - IDENTIFICADOR DE NÚMERO DE CONTROL
campo de control ES-MaACL
005 - FECHA Y HORA DE LA ÚLTIMA TRANSACCIÓN
campo de control 20250825081724.0
007 - CAMPO FIJO DE DESCRIPCIÓN FÍSICA--INFORMACIÓN GENERAL
campo de control de longitud fija t|
008 - DATOS DE LONGITUD FIJA--INFORMACIÓN GENERAL
campo de control de longitud fija 061121s1922 sp ac |||| |bspa d
040 ## - FUENTE DE CATALOGACIÓN
Centro/agencia transcriptor ES-MaACL
080 ## - NÚMERO DE LA CLASIFICACIÓN DECIMAL UNIVERSAL
Número de la Clasificación Decimal Universal 929 Moya, Miguel
245 00 - MENCIÓN DEL TÍTULO
Título Don Miguel Moya :
Resto del título rasgos biográficos
260 ## - PUBLICACIÓN, DISTRIBUCIÓN, ETC.
Lugar de publicación, distribución, etc. Madrid :
Nombre del editor, distribuidor, etc. Tip. de la "Revista de Archivos, Bibliotecas y Museos",
Fecha de publicación, distribución, etc. 1922.
300 ## - DESCRIPCIÓN FÍSICA
Extensión 30 páginas :
Otras características físicas 1 retrato ;
Dimensiones 22 cm.
500 ## - NOTA GENERAL
Nota general Precede al título: Asociación de la Prensa
530 ## - NOTA DISPONIBLE DE FORMULARIO FÍSICO ADICIONAL
Nota de formato físico adicional disponible Disponible en formato digital
600 14 - PUNTO DE ACCESO ADICIONAL DE MATERIA--NOMBRE DE PERSONA
Nombre de persona Moya, Miguel,
Fechas asociadas al nombre 1856-1920
9 (RLIN) 158750
655 #0 - TERMINO DE INDIZACIÓN--GENERO/FORMA
Datos o término principal de género/forma Biografías
9 (RLIN) 176647
710 2# - ENTRADA AGREGADA--NOMBRE DE ENTIDAD CORPORATIVA
Término indicativo de función/relación entidad responsable
Nombre de entidad corporativa o nombre de jurisdicción como elemento de entrada Asociación de la Prensa de Madrid
9 (RLIN) 1608
852 ## - LOCALIZACIÓN
Ubicación ES-MaACL
Ubicación en estantería Depósito folletos
Número de control de estantería 1633-F-3
itemnumber 113178
Nota libre Revisado enlace: 02 de Abril 2025
856 4# - LOCALIZACIÓN Y ACCESO ELECTRÓNICOS
Identificador Uniforme de Recursos <a href="https://bibliotecavirtualmadrid.comunidad.madrid/bvmadrid_publicacion/es/consulta/registro.do?id=4479">https://bibliotecavirtualmadrid.comunidad.madrid/bvmadrid_publicacion/es/consulta/registro.do?id=4479</a>
Texto de enlace Versión en línea
Nota pública (Biblioteca Digital de Madrid)
942 ## - ELEMENTOS DE ENTRADA SECUNDARIOS (KOHA)
Tipo de ítem Koha Folleto
Suprimir en OPAC No
Holdings
Estatus retirado Estado de pérdida Fuente del sistema de clasificación o colocación Estado de daño No para préstamo Colección Biblioteca de origen Biblioteca actual Ubicación en estantería Fecha de adquisición Total de préstamos Signatura topográfica completa Código de barras Visto por última vez Tipo de ítem Koha
    Clasificación decimal universal     Colección de folletos Biblioteca del Ateneo de Madrid Biblioteca del Ateneo de Madrid Depósito folletos 17/01/2008   1633-F-3 1113780 23/02/2023 Folleto